Statistics for Countries with embassies and consulates in Greece

Click here to take the quiz!

General Stats

  • This quiz has been taken 49 times
  • The average score is 83 of 88

Answer Stats

ContinentCountry% Correct
South AmericaArgentina
100%
AsiaArmenia
100%
EuropeAustria
100%
EuropeBelgium
100%
South AmericaBrazil
100%
North AmericaCuba
100%
EuropeCyprus
100%
EuropeDenmark
100%
EuropeFinland
100%
EuropeGermany
100%
EuropeHungary
100%
AsiaIndia
100%
AsiaIran
100%
AsiaIraq
100%
North AmeircaMexico
100%
South AmericaPeru
100%
Asia/ EuropeRussia
100%
Asia/ EuropeTurkey
100%
AsiaUnited Arab Emirates
100%
EuropeUnited Kingdom
100%
EuropeVatican City
100%
South AmericaVenezuela
100%
AfricaAlgeria
97%
OceaniaAustralia
97%
AsiaAzerbaijan
97%
EuropeBulgaria
97%
North AmericaCanada
97%
EuropeCzech Republic
97%
AfricaEgypt
97%
AsiaIndonesia
97%
EuropeIreland
97%
AsiaIsrael
97%
AsiaJapan
97%
EuropeNorway
97%
EuropePortugal
97%
AsiaQatar
97%
EuropeSpain
97%
EuropeSweden
97%
Europethe Netherlands
97%
North AmericaUnited States of America
97%
AsiaAfghanistan
94%
EuropeAlbania
94%
South AmericaChile
94%
AsiaChina
94%
EuropeCroatia
94%
EuropeEstonia
94%
EuropeFrance
94%
AsiaGeorgia
94%
AsiaKuwait
94%
EuropeLatvia
94%
AsiaLebanon
94%
AfricaLibya
94%
EuropeLithuania
94%
EuropeLuxembourg
94%
EuropeMalta
94%
AsiaPakistan
94%
EuropePoland
94%
EuropeRomania
94%
AsiaSaudi Arabia
94%
EuropeSlovakia
94%
EuropeSlovenia
94%
AfricaSouth Africa
94%
EuropeSwitzerland
94%
South AmericaUruguay
94%
AfricaAngola
92%
EuropeBosnia and Herzegovina
92%
North AmericaDominican Republic
92%
EuropeItaly
92%
AsiaJordan
92%
EuropeMacedonia
92%
EuropeMoldova
92%
AfricaMorocco
92%
EuropeSerbia
92%
AsiaSouth Korea
92%
AfricaTunisia
92%
EuropeUkraine
92%
EuropeMontenegro
89%
AfricaNigeria
89%
AfricaSudan
89%
AsiaSyria
89%
AsiaUzbekistan
89%
North AmericaPanama
86%
AsiaThailand
86%
AsiaVietnam
86%
AsiaBangladesh
83%
AsiaKazakhstan
81%
AfricaDemocratic Republic of the Congo
78%
Asiathe Philippines
78%

Score Distribution

Percentile by Number Answered

Percent of People with Each Score

Your Score History

You have not taken this quiz